Eastern Utah Libraries Catalog: Duchesne, Heber, Roosevelt, & Vernal

The trials / (Record no. 310948)

MARC details
000 -LEADER
fixed length control field 03886cam a2200841 i 4500
001 - CONTROL NUMBER
control field ocn886490958
003 - CONTROL NUMBER IDENTIFIER
control field OCoLC
005 - DATE AND TIME OF LATEST TRANSACTION
control field 20200320212444.0
008 - FIXED-LENGTH DATA ELEMENTS--GENERAL INFORMATION
fixed length control field 140925s2015 cau d 000 1 eng
010 ## - LIBRARY OF CONGRESS CONTROL NUMBER
LC control number 2014037457
019 ## -
-- 885909858
-- 904332545
-- 907307624
-- 908278592
-- 917344989
-- 924019783
-- 964386031
-- 1003814580
020 ## - INTERNATIONAL STANDARD BOOK NUMBER
International Standard Book Number 9781423184638
Qualifying information (hardback)
020 ## - INTERNATIONAL STANDARD BOOK NUMBER
International Standard Book Number 1423184637
Qualifying information (hardback)
020 ## - INTERNATIONAL STANDARD BOOK NUMBER
International Standard Book Number 9781423194743
020 ## - INTERNATIONAL STANDARD BOOK NUMBER
International Standard Book Number 1423194748
029 1# - (OCLC)
OCLC library identifier AU@
System control number 000053682463
029 1# - (OCLC)
OCLC library identifier AU@
System control number 000057897624
029 1# - (OCLC)
OCLC library identifier NZ1
System control number 15924806
035 ## - SYSTEM CONTROL NUMBER
System control number (OCoLC)886490958
Canceled/invalid control number (OCoLC)885909858
-- (OCoLC)904332545
-- (OCoLC)907307624
-- (OCoLC)908278592
-- (OCoLC)917344989
-- (OCoLC)924019783
-- (OCoLC)964386031
-- (OCoLC)1003814580
040 ## - CATALOGING SOURCE
Original cataloging agency DLC
Language of cataloging eng
Description conventions rda
Transcribing agency DLC
Modifying agency IG#
-- BTCTA
-- YDXCP
-- WL8
-- BKL
-- VP@
-- OCLCF
-- BDX
-- OCLCQ
-- OCLCO
-- UIU
-- OCLCO
-- SINLB
-- TWTCL
-- CHY
-- TXOLT
-- CHILD
-- OCLCQ
-- OCLCO
-- WACOL
042 ## - AUTHENTICATION CODE
Authentication code pcc
-- lcac
049 ## - LOCAL HOLDINGS (OCLC)
Holding library WACL
050 00 - LIBRARY OF CONGRESS CALL NUMBER
Classification number PZ7.K116463
Item number Tri 2015
082 00 - DEWEY DECIMAL CLASSIFICATION NUMBER
Classification number [Fic]
Edition number 23
084 ## - OTHER CLASSIFICATION NUMBER
Classification number JUV037000
-- JUV039050
-- JUV039140
Source of number bisacsh
092 ## - LOCALLY ASSIGNED DEWEY CALL NUMBER (OCLC)
Classification number young adult
Item number Kad
100 1# - MAIN ENTRY--PERSONAL NAME
Personal name Kade, Stacey.
9 (RLIN) 5882485
245 14 - TITLE STATEMENT
Title The trials /
Statement of responsibility, etc Stacey Kade.
250 ## - EDITION STATEMENT
Edition statement First edition.
264 #1 - Production, Publication, Distribution, Manufacture, and Copyright Notice.
Place of production, publication, distribution, manufacture Los Angeles ;
-- New York :
Name of producer, publisher, distributor, manufacturer Hyperion,
Date of production, publication, distribution, manufacture, or copyr 2015.
300 ## - PHYSICAL DESCRIPTION
Extent 328 pages ;
Dimensions 22 cm.
336 ## - Content Type
Content type term text
337 ## - Media type
Media type term unmediated
338 ## - Carrier type
Carrier type term volume
490 1# - SERIES STATEMENT
Series statement Project paper doll
520 ## - SUMMARY, ETC.
Summary, etc "After being on the run, Ariane Tucker finds herself back where she started--under the cruel control of Dr. Jacobs, head of the research facility that created her. Now she must participate in the upcoming trials; a deadly competition pitting her against other alien hybrids, each representing a rival corporation"--
-- Provided by publisher.
526 8# - STUDY PROGRAM INFORMATION NOTE
Program name Accelerated Reader AR
Reading level 5.8
Public note 174372.
Title point value 13.0.
521 ## - TARGET AUDIENCE NOTE
Target audience note young adult fiction
Source amazon
650 #0 - SUBJECT ADDED ENTRY--TOPICAL TERM
Topical term or geographic name as entry element Genetic engineering
Form subdivision Juvenile fiction.
9 (RLIN) 5686549
650 #0 - SUBJECT ADDED ENTRY--TOPICAL TERM
Topical term or geographic name as entry element Extraterrestrial beings
Form subdivision Juvenile fiction.
9 (RLIN) 5688713
650 #0 - SUBJECT ADDED ENTRY--TOPICAL TERM
Topical term or geographic name as entry element Contests
Form subdivision Juvenile fiction.
9 (RLIN) 5678684
650 #1 - SUBJECT ADDED ENTRY--TOPICAL TERM
Topical term or geographic name as entry element Genetic engineering
Form subdivision Fiction.
9 (RLIN) 5673840
650 #1 - SUBJECT ADDED ENTRY--TOPICAL TERM
Topical term or geographic name as entry element Extraterrestrial beings
Form subdivision Fiction.
9 (RLIN) 5685958
650 #1 - SUBJECT ADDED ENTRY--TOPICAL TERM
Topical term or geographic name as entry element Contests
Form subdivision Fiction.
9 (RLIN) 5678324
650 #1 - SUBJECT ADDED ENTRY--TOPICAL TERM
Topical term or geographic name as entry element Science fiction.
9 (RLIN) 5975412
650 #7 - SUBJECT ADDED ENTRY--TOPICAL TERM
Topical term or geographic name as entry element JUVENILE FICTION
General subdivision Fantasy & Magic.
Source of heading or term bisacsh
9 (RLIN) 5713932
650 #7 - SUBJECT ADDED ENTRY--TOPICAL TERM
Topical term or geographic name as entry element JUVENILE FICTION
General subdivision Social Issues
-- Emotions & Feelings.
Source of heading or term bisacsh
9 (RLIN) 5739169
650 #7 - SUBJECT ADDED ENTRY--TOPICAL TERM
Topical term or geographic name as entry element JUVENILE FICTION
General subdivision Social Issues
-- Self-Esteem & Self-Reliance.
Source of heading or term bisacsh
9 (RLIN) 5975413
650 #7 - SUBJECT ADDED ENTRY--TOPICAL TERM
Topical term or geographic name as entry element Contests.
Source of heading or term fast
-- (OCoLC)fst00876656
9 (RLIN) 5975414
650 #7 - SUBJECT ADDED ENTRY--TOPICAL TERM
Topical term or geographic name as entry element Extraterrestrial beings.
Source of heading or term fast
-- (OCoLC)fst01742248
9 (RLIN) 5975415
650 #7 - SUBJECT ADDED ENTRY--TOPICAL TERM
Topical term or geographic name as entry element Genetic engineering.
Source of heading or term fast
-- (OCoLC)fst00940027
9 (RLIN) 84532
650 #7 - SUBJECT ADDED ENTRY--TOPICAL TERM
Topical term or geographic name as entry element Contests
Form subdivision Fiction.
Source of heading or term sears
9 (RLIN) 5678324
650 #7 - SUBJECT ADDED ENTRY--TOPICAL TERM
Topical term or geographic name as entry element Genetic engineering
Form subdivision Fiction.
Source of heading or term sears
9 (RLIN) 5673840
650 #7 - SUBJECT ADDED ENTRY--TOPICAL TERM
Topical term or geographic name as entry element Science fiction.
Source of heading or term sears
9 (RLIN) 5975412
650 #7 - SUBJECT ADDED ENTRY--TOPICAL TERM
Topical term or geographic name as entry element Extraterrestrial beings
Form subdivision Fiction.
Source of heading or term sears
9 (RLIN) 5685958
655 #4 - INDEX TERM--GENRE/FORM
Genre/form data or focus term Science fiction
Form subdivision Young adult.
9 (RLIN) 5975416
655 #7 - INDEX TERM--GENRE/FORM
Genre/form data or focus term Fiction.
Source of term fast
-- (OCoLC)fst01423787
9 (RLIN) 5673940
655 #7 - INDEX TERM--GENRE/FORM
Genre/form data or focus term Juvenile works.
Source of term fast
-- (OCoLC)fst01411637
9 (RLIN) 5673941
655 #7 - INDEX TERM--GENRE/FORM
Genre/form data or focus term Science fiction.
Source of term fast
-- (OCoLC)fst01726489
9 (RLIN) 5975417
655 #7 - INDEX TERM--GENRE/FORM
Genre/form data or focus term Science fiction.
Source of term gsafd
9 (RLIN) 5975417
655 #7 - INDEX TERM--GENRE/FORM
Genre/form data or focus term Science fiction.
Source of term lcgft
9 (RLIN) 5975417
800 1# - SERIES ADDED ENTRY--PERSONAL NAME
Personal name Kade, Stacey.
Title of a work Project paper doll.
9 (RLIN) 5882490
938 ## -
-- Brodart
-- BROD
-- 110136942
938 ## -
-- Baker and Taylor
-- BTCP
-- BK0015469994
938 ## -
-- Children's Plus, Inc.
-- CHIL
-- 1959296
938 ## -
-- Ingram
-- INGR
-- 9781423184638
938 ## -
-- YBP Library Services
-- YANK
-- 12017091
938 ## -
-- YBP Library Services
-- YANK
-- 12557250
942 ## - ADDED ENTRY ELEMENTS (KOHA)
Koha item type BOOK
948 ## - LOCAL PROCESSING INFORMATION (OCLC); SERIES PART DESIGNATOR (RLIN)
Series part designator, SPT (RLIN) 08/02/2018
z (OCLC) Sirsi
994 ## -
-- C0
-- WACOL
996 ## -
-- 151663
-- 34301001574401
-- YA
-- bk
-- wcl
-- i
-- 4
-- 9.99
-- amazon
-- Kad
-- 08/03/2018
-- 11/08/2019
-- 10/28/2019
Holdings
Withdrawn status Lost status Source of classification or shelving scheme Damaged status Not for loan Collection code Home library Current library Shelving location Date acquired Source of acquisition Cost, normal purchase price Total Checkouts Total Renewals Full call number Barcode Date last seen Date checked out Cost, replacement price Price effective from Koha item type
    Dewey Decimal Classification     Young Adult Fiction Wasatch County Library Wasatch County Library Main Floor Teen Area 08/03/2018 Amazon 9.99 8 5 YA Kade 34301001574401 02/23/2024 02/22/2024 9.99 03/20/2020 BOOK
This project was made possible through a grant from the Institute of Museum and Library Service administered by the Utah State Library Division.

Wasatch County Library

  • 465 East 1200 South, Heber City, Utah 84032
  • Phone 435-654-1511 | Fax 435-654-6456

Hours

  • Monday - Friday 9:30 AM - 8:00 PM
  • Saturday 9:30 AM - 1:30 PM
  • Closed Sundays and Holidays